<?xml version="1.0" encoding="UTF-8"?><?xml-stylesheet type="text/xsl" href="static/style.xsl"?><OAI-PMH xmlns="http://www.openarchives.org/OAI/2.0/" xmlns:xsi="http://www.w3.org/2001/XMLSchema-instance" xsi:schemaLocation="http://www.openarchives.org/OAI/2.0/ http://www.openarchives.org/OAI/2.0/OAI-PMH.xsd"><responseDate>2026-06-02T21:20:03Z</responseDate><request verb="GetRecord" identifier="oai:riuma.uma.es:10630/28484" metadataPrefix="marc">https://riuma.uma.es/rest/oai/request</request><GetRecord><record><header><identifier>oai:riuma.uma.es:10630/28484</identifier><datestamp>2026-02-03T11:40:23Z</datestamp><setSpec>com_10630_2254</setSpec><setSpec>col_10630_37956</setSpec></header><metadata><record xmlns="http://www.loc.gov/MARC21/slim" xmlns:dcterms="http://purl.org/dc/terms/" xmlns:doc="http://www.lyncode.com/xoai" xmlns:xsi="http://www.w3.org/2001/XMLSchema-instance" xsi:schemaLocation="http://www.loc.gov/MARC21/slim http://www.loc.gov/standards/marcxml/schema/MARC21slim.xsd">
   <leader>00925njm 22002777a 4500</leader>
   <datafield ind2=" " ind1=" " tag="042">
      <subfield code="a">dc</subfield>
   </datafield>
   <datafield ind2=" " ind1=" " tag="720">
      <subfield code="a">Postigo Gómez, Inmaculada</subfield>
      <subfield code="e">author</subfield>
   </datafield>
   <datafield ind2=" " ind1=" " tag="260">
      <subfield code="c">2015</subfield>
   </datafield>
   <datafield ind2=" " ind1=" " tag="520">
      <subfield code="a">Los malos tratos a las mujeres se integran en la sociedad de&#xd;
forma normalizada y naturalizada, invisible, fruto del sistema&#xd;
androcéntrico que, a lo largo de la historia, ha sostenido y&#xd;
defendido fehacientemente que “los hombres son superiores a las&#xd;
mujeres, que han sido dotados con cualidades diferentes y que han de&#xd;
ejercer roles distintos: el de dominación y el de subordinación,&#xd;
respectivamente” (Bourdieu: 2000: 291-304). Del mismo modo, los&#xd;
medios audiovisuales son mecanismos básicos en la construcción del&#xd;
imaginario colectivo, así como en los modelos de comportamiento&#xd;
que configuran la percepción de la realidad social del individuo y&#xd;
marcan sus pautas de relación con los otros. Son por tanto, una&#xd;
herramienta básica dentro del engranaje político, social, educativo y&#xd;
legislativo que, en función de los mensajes que construyan, favorecerán la lucha contra la violencia machista, o por el contrario, seguirán perpetuándola.&#xd;
Este artículo es el resultado de la labor desarrollada dentro del&#xd;
proyecto investigador de excelencia de la Junta de Andalucía, (ref.:&#xd;
P11-TIC-7999) denominado Observatorio del Tratamiento&#xd;
Informativo de la Violencia de Género con Atención a la Identidad Cultural/Étnica</subfield>
   </datafield>
   <datafield ind1="8" ind2=" " tag="024">
      <subfield code="a">I Postigo Gómez, (2015): Observatorio Andaluz de la Violencia Machista en los medios audiovisuales (Ob-Vio). Hacia una propuesta de sensibilización, en El tratamiento informativo de la violencia contra las mujeres. Cuadernos Artesanos de Comunicación Revista Latina de Comunicación Social, pp. 13-41 DOI: 10.4185/86cac</subfield>
   </datafield>
   <datafield ind1="8" ind2=" " tag="024">
      <subfield code="a">https://hdl.handle.net/10630/28484</subfield>
   </datafield>
   <datafield ind1="8" ind2=" " tag="024">
      <subfield code="a">10.4185/cac86</subfield>
   </datafield>
   <datafield tag="653" ind2=" " ind1=" ">
      <subfield code="a">Violencia de género -  En los medios de comunicación social</subfield>
   </datafield>
   <datafield ind2="0" ind1="0" tag="245">
      <subfield code="a">Observatorio Andaluz de Violencia Machista en los Medios Audiovisuales (Ob∼Vio). Hacia una oportunidad de sensibilización.</subfield>
   </datafield>
</record>
</metadata></record></GetRecord></OAI-PMH>